Використання біблеїзмів у навчально-виховному процесі на старшому етапі середньої школи (Запис № 284197)

МАРК-запис
000 -LEADER
fixed length control field 02023nam a22001577a 4500
041 ## - LANGUAGE CODE
Language code of text/sound track or separate title ukr
080 ## - UNIVERSAL DECIMAL CLASSIFICATION NUMBER
Universal Decimal Classification number 09
090 ## - LOCALLY ASSIGNED LC-TYPE CALL NUMBER (OCLC); LOCAL CALL NUMBER (OCLC)
Local cutter number (OCLC) ; Book number/undivided call number, CALL (RLIN) УША
100 ## - MAIN ENTRY--PERSONAL NAME
Personal name Ушакова О.Ю.
245 ## - TITLE STATEMENT
Title Використання біблеїзмів у навчально-виховному процесі на старшому етапі середньої школи
260 ## - PUBLICATION, DISTRIBUTION, ETC. (IMPRINT)
Place of publication, distribution, etc Острог
Name of publisher, distributor, etc КАФ
Date of publication, distribution, etc 2009
300 ## - PHYSICAL DESCRIPTION
Extent 60
520 ## - SUMMARY, ETC.
Summary, etc ВСТУП<br/>РОЗДІЛ 1 ОСОБЛИВОСТІ ПЕРЕКЛАДУ БІБЛЕЇЗМІВ<br/>1.1 Основні способи перекладу фразеологічних одиниць.<br/>1.2 Фразеологічні біблеїзми.<br/>РОЗДІЛ 2 ПРИТЧІ НОВОГО ЗАВІТУ ЯК ДЖЕРЕЛО ДУХОВНОСТІ ТА МОРАЛІ НА УРОКАХ АНГЛІЙСЬКОЇ МОВИ<br/>2.1 Особливості виховного процесу на уроках англійської мови у старшій школі.<br/>2.2 Виховний аспект вивчення біблійних притч у рамках навчально-виховного процесу на уроках англійської мови.<br/>РОЗДІЛ 3 БІБЛЕЇЗМИ ЯК НАВЧАЛЬНО-МЕТОДИЧНИЙ МАТЕРІАЛ НА УРОКАХ АНГЛІЙСЬКОЇ МОВИ<br/>3.1 Біблійні фразеологічні одиниці у притчах від Матвія та Луки.<br/>3.2 Виховний аспект біблійних фразеологічних одиниць як навчально-методичного матеріалу.<br/>3.3 Використання біблеїзмів на уроках англійської мови у старшій школі.<br/>3.4 Зразки вправ на використання біблеїзмів на уроках англійської мови у старшій школі.<br/>ВИСНОВКИ
-- переклад,біблеїзми,притчі,Новий Завіт,урок
650 ## - SUBJECT ADDED ENTRY--TOPICAL TERM
Topical term or geographic name as entry element Research Papers
942 ## - ADDED ENTRY ELEMENTS (KOHA)
Koha item type Книги
Фонди
Withdrawn status Lost status Source of classification or shelving scheme Damaged status Not for loan Home library Current library Date acquired Source of acquisition Cost, normal purchase price Total Checkouts Full call number Barcode Date last seen Price effective from Koha item type
    Universal Decimal Classification     ВІЛ - Відділ іноземн. літератури НБ ВІЛ - Відділ іноземн. літератури НБ 16/04/2009 Акт №1 1.00   09 213460 20/12/2021 16/04/2009 Книги